The Palestinain issue its background and development up to 2000 / (Record no. 138963)
[ view plain ]
| 000 -LEADER | |
|---|---|
| fixed length control field | 00469nam a22001457a 4500 |
| 005 - DATE AND TIME OF LATEST TRANSACTION | |
| control field | 20251017121647.0 |
| 008 - FIXED-LENGTH DATA ELEMENTS--GENERAL INFORMATION | |
| fixed length control field | 251017b |||||||| |||| 00| 0 eng d |
| 040 ## - CATALOGING SOURCE | |
| Transcribing agency | PK-LaUMT |
| 082 ## - DEWEY DECIMAL CLASSIFICATION NUMBER | |
| Classification number | 956.94 |
| Item number | MOH-P |
| 100 ## - MAIN ENTRY--PERSONAL NAME | |
| Personal name | Mohsen Mohammed Saleh |
| 245 ## - TITLE STATEMENT | |
| Title | The Palestinain issue its background and development up to 2000 / |
| Statement of responsibility, etc | by Mohsen Mohammed Saleh ; translated by Hassan A. Ibrahim |
| 260 ## - PUBLICATION, DISTRIBUTION, ETC. (IMPRINT) | |
| Place of publication, distribution, etc | Malaysia : |
| Name of publisher, distributor, etc | Fajar Ulung, |
| Date of publication, distribution, etc | 2001 |
| 300 ## - PHYSICAL DESCRIPTION | |
| Extent | 119 p |
| 942 ## - ADDED ENTRY ELEMENTS (KOHA) | |
| Koha item type | Books |
| Withdrawn status | Lost status | Damaged status | Home library | Current library | Date acquired | Full call number | Barcode | Date last seen | Price effective from | Koha item type |
|---|---|---|---|---|---|---|---|---|---|---|
| UMT Main Campus | UMT Main Campus | 2025-10-17 | 956.94 MOH-P | 150916 | 2025-10-17 | 2025-10-17 | Books |
